000 00258nam a2200097Ia 4500
082 _aEF JACO
245 0 _aJoonie
100 _a JACOBS, Rayda Auckland Park, South Africa, 2011
_991375
942 _cBK
008 210817s9999 xx 000 0 und d
999 _c370509
_d370508